00868nam a22002177a 4500003000900000008004100009020001800050040007100068082001900139100001900158245014000177260003300317300002800350505016400378650002300542650001800565650001100583650001700594700002100611700001800632AR-CdUCM190327b ||||| |||| 00| 0 spa d a9789972270239 aMUNICIPALIDAD PROVINCIAL DEL CUSCOcBIBLIOTECA MUNICIPAL DEL CUSCO a306.430 /bT78 aTrapnell, Lucy aInterculturalidad, conocimiento y poder :balcances de un proceso de investigación-acción en dos escuelas de la Amazonia peruana /  aLima :bBien Común,c2008. a125 páginas ;c21 cm. aContenido: Diseño e implementación del estudio -- El contexto de investigación -- La formación de los maestros en educación intercultural bilingue... aInterculturalidad. aConocimiento. aPoder. aEducación. aCalderon, Albina aFlores, River